Normal view
MARC view
Entry Topical Term
001 - CONTROL NUMBER
- control field: 1795
003 - CONTROL NUMBER IDENTIFIER
- control field: HDC
005 - DATE AND TIME OF LATEST TRANSACTION
- control field: 20230624073119.0
008 - FIXED-LENGTH DATA ELEMENTS
- fixed length control field: 201227|| aca||aabn | a|a d
040 ## - CATALOGING SOURCE
- Original cataloging agency: HDC
- Transcribing agency: HDC
150 ## - HEADING--TOPICAL TERM
- Topical term or geographic name entry element: Sweet potato industry
- Geographic subdivision: Malaysia
670 ## - SOURCE DATA FOUND
- Source citation: Work cat.: (HDC): Food and Fertilizer Technology Center (FFTC) issuing body 1237, A 'Telong' and 'Jalomas', 2001
